LEADER 00840nam0-22003131i-450- 001 990002053630403321 005 20090424103204.0 035 $a000205363 035 $aFED01000205363 035 $a(Aleph)000205363FED01 035 $a000205363 100 $a20030910d1970----km-y0itay50------ba 101 0 $aeng 200 1 $aChemical controlling insect behavior$fed. by Morton Beroza 210 $aNew York$cAcademic Press$d1970 215 $a170 p.$d23 cm 610 0 $aSemiochimici 610 0 $aInsetti 610 0 $aFeromoni 676 $a632.7 676 $a595.7 702 1$aBeroza,$bMorton 801 0$aIT$bUNINA$gRICA$2UNIMARC 901 $aBK 912 $a990002053630403321 952 $a61 VIII A.1/03$b3457 (26/4/71)$fDAGEN 959 $aDAGEN 996 $aChemical controlling insect behavior$9406003 997 $aUNINA LEADER 01299cam2-2200409---450- 001 990003427480203316 005 20110208091819.0 010 $a978-88-8416-239-7 035 $a000342748 035 $aUSA01000342748 035 $a(ALEPH)000342748USA01 035 $a000342748 100 $a20100720d2010----km-y0itay50------ba 101 1 $aita$cger 102 $aIT 105 $aa|||||||001yy 200 1 $aSiena cittą della Vergine$fTitus Burckhardt$ga cura di Maurizio Magnini$gtraduzione di Gisella Burgisser 210 $aMilano$cAbscondita$d2010 215 $a159 p.$cill.$d22 cm 225 2 $aCarte d'artisti$v120 410 0$1001000122838$12001$aCarte d'artisti$v, 120 454 0$12001$aSiena, Stadt der Jungfrau$934545 607 $aSiena$zSec. 13.-16. 676 $a945.581 700 1$aBURCKHARDT,$bTitus$0131405 702 1$aMAGNINI,$bMaurizio 702 1$aBURGISSER,$bGisella 801 0$aIT$bsalbc$gISBD 912 $a990003427480203316 951 $aXII.2. Coll. 47/ 65$b222973 L.M.$cXII.2. Coll.$d00264923 959 $aBK 969 $aUMA 979 $aSENATORE$b90$c20100720$lUSA01$h1135 979 $aSENATORE$b90$c20100720$lUSA01$h1137 979 $aANNAMARIA$b90$c20110208$lUSA01$h0918 996 $aSiena, Stadt der Jungfrau$934545 997 $aUNISA